Dịch học tinh hoa /

Αποθηκεύτηκε σε:
Λεπτομέρειες βιβλιογραφικής εγγραφής
Κύριος συγγραφέας: Nguyễn Duy Cần
Μορφή: Sách giấy
Γλώσσα:Vietnamese
Έκδοση: TP.HCM : TP.HCM , 1992
Ετικέτες: Προσθήκη ετικέτας
Δεν υπάρχουν, Καταχωρήστε ετικέτα πρώτοι!
Thư viện lưu trữ: Thư viện Trường Đại học Đà Lạt
LEADER 00571nam a2200253 4500
001 DLU020016296
005 ##11/8/2000
020 # # |a 978- 
041 # # |a vie 
082 # # |a 181.11  |b NG-C 
090 # # |a 181.11  |b NG-C 
100 # # |a Nguyễn Duy Cần 
245 # # |a Dịch học tinh hoa /  |c Nguyễn Duy Cần 
260 # # |a TP.HCM :  |b TP.HCM ,  |c 1992 
300 # # |a 293 tr.;   |c 19 cm. 
992 # # |a 18500 
994 # # |a DLU 
900 # # |a False 
911 # # |a Administrator 
925 # # |a G 
926 # # |a A 
927 # # |a SH 
980 # # |a Thư viện Trường Đại học Đà Lạt